| 000 | 00000nas 2200000za 4500 |
| 001 | 9.505021 |
| 003 | CaOODSP |
| 005 | 20221107133446 |
| 007 | cr ||||||||||| |
| 008 | 150406d20052014oncar p o f0 a0eng|d |
| 022 | |a1927-419X |
| 040 | |aCaOODSP|beng |
| 043 | |an-cn--- |
| 086 | 1 |aPS36-1E-PDF |
| 222 | 0|aCustoms tariff, departmental consolidation |b(Online) |
| 245 | 00|aCustoms tariff, departmental consolidation |h[electronic resource] |
| 260 | |a[Ottawa] : |bCanada Border Services Agency. |
| 310 | |aAnnual |
| 362 | 0 |a2005-2014 |
| 500 | |aIssued also in French under title: Tarif des douanes, codification ministérielle. |
| 692 | 07|2gccst|aCustoms and excise |
| 710 | 2 |aCanada Border Services Agency. |
| 775 | 08|tTarif des douanes, codification ministérielle |w(CaOODSP)9.501421 |
| 776 | 0#|tCustoms tariff, departmental consolidation |w(CaOODSP)9.515246 |
| 785 | 00|tDepartmental consolidation of the customs tariff |w(CaOODSP)9.507928 |